Health and social care management : (Record no. 6)

MARC details
000 -LEADER
fixed length control field 00660nam a22001937a 4500
003 - CONTROL NUMBER IDENTIFIER
control field OSt
005 - DATE AND TIME OF LATEST TRANSACTION
control field 20210204113541.0
008 - FIXED-LENGTH DATA ELEMENTS--GENERAL INFORMATION
fixed length control field 210204b ||||| |||| 00| 0 eng d
020 ## - INTERNATIONAL STANDARD BOOK NUMBER
International Standard Book Number 0340614110
040 ## - CATALOGING SOURCE
Transcribing agency PHNSL
100 ## - MAIN ENTRY--PERSONAL NAME
Fuller form of name Whiteley, Sara
245 ## - TITLE STATEMENT
Title Health and social care management :
Remainder of title a guide to self-development /
Statement of responsibility, etc. Sara Whiteley, Richard Ellis and Sinclair Broomfield; with a foreword by Frank Clark.
260 ## - PUBLICATION, DISTRIBUTION, ETC.
Place of publication, distribution, etc. London :
Name of publisher, distributor, etc. Arnold,
Date of publication, distribution, etc. 1996.
300 ## - PHYSICAL DESCRIPTION
Extent x, 220 p.
650 ## - SUBJECT ADDED ENTRY--TOPICAL TERM
Source of heading or term Health and social care
Form subdivision Social care management
General subdivision Health care management
Chronological subdivision Health management
700 ## - ADDED ENTRY--PERSONAL NAME
Fuller form of name Ellis, Richard
700 ## - ADDED ENTRY--PERSONAL NAME
Fuller form of name Broomfield, Sinclair
942 ## - ADDED ENTRY ELEMENTS (KOHA)
Source of classification or shelving scheme Library of Congress Classification
Koha item type Books
Holdings
Withdrawn status Lost status Source of classification or shelving scheme Damaged status Not for loan Home library Current library Shelving location Date acquired Full call number Barcode Date last seen Copy number Price effective from Koha item type Public note
    Library of Congress Classification     Public Health Nurses School Public Health Nurses School General Stacks 02/04/2021 RA971.W58 00578 02/04/2021 c.1 02/04/2021 Books ekp 04/02/21
    Library of Congress Classification     Public Health Nurses School Public Health Nurses School General Stacks 02/04/2021 RA971.W58 00579 02/04/2021 c.2 02/04/2021 Books ekp 04/02/21
    Library of Congress Classification     Public Health Nurses School Public Health Nurses School General Stacks 02/04/2021 RA971.W58 00580 02/04/2021 c.3 02/04/2021 Books ekp 04/02/21
Copyright © 2025 PHNS Library. All Rights Reserved.